• AIU
  • Tony Wilmot Memorial Library

You can teach young teens / (Record no. 35653)

MARC details
000 -LEADER
fixed length control field 00665nam a22002051a 4500
001 - CONTROL NUMBER
control field 8176655
005 - DATE AND TIME OF LATEST TRANSACTION
control field 20110718132025.0
008 - FIXED-LENGTH DATA ELEMENTS--GENERAL INFORMATION
fixed length control field 811112s1981 ilu 00000 eng d
035 ## - SYSTEM CONTROL NUMBER
System control number (OCoLC)ocm07933265
035 ## - SYSTEM CONTROL NUMBER
-- AHP-1209
035 ## - SYSTEM CONTROL NUMBER
System control number (LCCdb)26433
040 ## - CATALOGING SOURCE
Original cataloging agency CSM
Transcribing agency CSM
Modifying agency JBT
-- LCCdb
100 10 - MAIN ENTRY--PERSONAL NAME
Personal name Felske, Norma
245 1# - TITLE STATEMENT
Title You can teach young teens /
Statement of responsibility, etc Norma Felske
Medium [Text]
260 0# - PUBLICATION, DISTRIBUTION, ETC. (IMPRINT)
Place of publication, distribution, etc Wheaton, Ill.
Name of publisher, distributor, etc Victor Books
Date of publication, distribution, etc [1981]
300 ## - PHYSICAL DESCRIPTION
Extent 64 p. : ill. ; 21 cm.
500 ## - GENERAL NOTE
General note Updated, expanded from Teaching that grabs young teens.
504 ## - BIBLIOGRAPHY, ETC. NOTE
Bibliography, etc Updated, expanded from Teaching that grabs young teens.
650 #0 - SUBJECT ADDED ENTRY--TOPICAL TERM
Topical term or geographic name as entry element Religious education of adolescents.
Holdings
Withdrawn status Lost status Source of classification or shelving scheme Damaged status Not for loan Collection code Home library Current library Shelving location Date acquired Cost, normal purchase price Total Checkouts Full call number Barcode Date last seen Date checked out Copy number Price effective from Koha item type
    Library of Congress Classification     General Circulation AIU/NEGST - Tony Wilmot Memorial Library AIU/NEGST - Tony Wilmot Memorial Library General Stacks 02/09/2010 7.00 3 LB 1777.F4 1981 R20307K3232 09/29/2022 09/12/2022 1 02/09/2010 Books